[Event "Ch Pan-American Continental"]
[Site "masterchessopen.com - Buenos Aires (Argentina)"]
[Round "5"]
[White "Bitelmajer Martin (ARG)"]
[Black "Bronstein Luis (ARG)"]
[Result "1/2-1/2"]
[WhiteElo "2175"]
[BlackElo "2357"]

1.d4 Nf6 2.c4 e6 3.Nc3 c5 4.d5 exd5 5.cxd5 d6 6.e4 a6 7.a4 g6 8.Nf3 Bg7 9.Be2
O-O 10.O-O Bg4 11.Be3 Bxf3 12.Bxf3 Re8 13.Qd2 Nbd7 14.Rfe1 Rc8 15.a5 h5 16.h3
Nh7 17.Be2 Bxc3 18.Qxc3 Rxe4 19.Bf3 Rb4 20.Bd2 Qh4 21.b3 Ng5 22.Qe3 Nxf3+
23.Qxf3 Ne5 24.Rxe5 dxe5 25.Bxb4 Qxb4 26.Rd1 e4 27.Qe3 Rd8 28.d6 Rd7 29.f3 c4
30.bxc4 Rxd6 31.Rxd6 Qxd6 32.Qxe4 Qc5+ 33.Kh1 Qxa5 34.Qxb7 Qe1+ 35.Kh2 Qe5+
36.Kh1 Qa1+ 37.Kh2 Qe5+ 38.Kh1 a5 39.f4 Qxf4 40.Qa8+ Kg7 41.Qxa5 Qxc4 {#d}
1/2-1/2

[Event "Olympiad (under 16)"]
[Site "masterchessopen.com - Denizli (Turkey)"]
[Round "6"]
[White "Banusz Tamas (HUN)"]
[Black "Lysyj Igor (RUS)"]
[Result "1/2-1/2"]
[WhiteElo "2376"]
[BlackElo "2485"]

1.d4 e6 2.Nf3 Nf6 3.c4 c5 4.d5 exd5 5.cxd5 d6 6.Nc3 g6 7.e4 a6 8.a4 Bg4 9.Be2
Bg7 10.O-O O-O 11.Bf4 Nh5 12.Be3 Nd7 13.Nd2 Bxe2 14.Qxe2 Re8 15.g4 Nhf6 16.f4
h5 17.gxh5 Nxh5 18.Kh1 Qh4 19.Qf3 Bd4 20.Bxd4 cxd4 21.Ne2 Nc5 22.b4 d3 23.Nc3
Nd7 24.Qxd3 Nxf4 25.Qf3 g5 26.Nc4 Ne5 27.Nxe5 dxe5 28.Ne2 Rac8 29.Rac1 Red8
30.Nxf4 Qxf4 31.Rxc8 Rxc8 {#d} 1/2-1/2

[Event "Bundesliga 2003/04 (w)"]
[Site "masterchessopen.com - Germany"]
[Round "3"]
[White "Elschner Annegret (GER)"]
[Black "Wolf Sylvia (GER)"]
[Result "1-0"]
[WhiteElo "2101"]
[BlackElo "2063"]

1.d4 Nf6 2.c4 c5 3.d5 e6 4.Nc3 exd5 5.cxd5 d6 6.e4 g6 7.Nf3 Bg7 8.Be2 O-O
9.O-O a6 10.a4 Bg4 11.Bg5 Bxf3 12.Bxf3 Nbd7 13.Qc2 h6 14.Bh4 Qe7 15.Rfe1 Ne5
16.Be2 g5 17.Bg3 Ng6 18.a5 h5 19.f3 Nd7 20.Bf2 Qe5 21.Kh1 Qf4 22.Nd1 h4 23.Be3
Qe5 24.Rb1 Nf4 25.Bf1 Qf6 26.Bd2 Ne5 27.Bc3 Qg6 28.Ne3 h3 29.g3 Nxf3 30.Nf5
Nxe1 31.Rxe1 Bf6 32.gxf4 g4 33.Bxh3 Kh7 34.Rg1 Bxc3 35.Qxc3 {#r} 1-0

[Event "Memorial J.Capablanca (c) (cat.8)"]
[Site "masterchessopen.com - Habana (Cuba)"]
[Round "8"]
[White "Pecorelli Garcia Humberto (CUB)"]
[Black "Handke Florian (GER)"]
[Result "1/2-1/2"]
[WhiteElo "2399"]
[BlackElo "2467"]

1.d4 Nf6 2.c4 e6 3.Nf3 c5 4.d5 d6 5.Nc3 exd5 6.cxd5 g6 7.e4 Bg7 8.Be2 O-O
9.O-O a6 10.a4 Bg4 11.Bf4 Bxf3 12.Bxf3 Qc7 13.e5 dxe5 14.d6 Qd7 15.Bxe5 Nc6
16.Bxf6 Bxf6 17.Ne4 Qf5 18.Nxf6+ Qxf6 19.Bxc6 bxc6 20.Qd3 Rfb8 21.Rac1 Rb4
22.Rxc5 Rd4 23.Qc3 Rxd6 24.Qxf6 Rxf6 25.Rfc1 Rd8 26.f3 Rd2 27.Rxc6 Rxc6
28.Rxc6 Rxb2 29.Rxa6 Ra2 30.h4 h5 31.Kh2 Kg7 32.Kg3 f6 33.Ra7+ Kh6 34.Kh3 g5
35.hxg5+ fxg5 36.Ra6+ Kg7 37.Ra8 Ra3 38.Kg3 Ra2 39.a5 Kh7 40.a6 Kg7 41.Kh3 Ra3
42.Kh2 Ra1 43.g3 Ra2+ 44.Kh3 Ra3 45.a7 g4+ 46.fxg4 hxg4+ 47.Kxg4 {#d} 1/2-1/2

[Event "Memorial K.Tsiolkovsky (open)"]
[Site "masterchessopen.com - Kaluga (Russia)"]
[Round "7"]
[White "Tarasov Vladimir N (RUS)"]
[Black "Padchyn Konstantin (RUS)"]
[Result "1-0"]
[WhiteElo "2217"]
[BlackElo "2117"]

1.d4 Nf6 2.c4 c5 3.d5 e6 4.Nc3 exd5 5.cxd5 d6 6.e4 g6 7.Nf3 Bg7 8.Be2 O-O
9.O-O a6 10.a4 Bg4 11.Nd2 Bxe2 12.Qxe2 Nbd7 13.a5 Re8 14.Nc4 Ne5 15.Nb6 Rb8
16.Bg5 Qc7 17.f3 h6 18.Be3 g5 19.f4 gxf4 20.Rxf4 Ng6 21.Rxf6 Bxf6 22.Bxh6 Qe7
23.Re1 Bg5 24.Qh5 Bxh6 25.Qxh6 Rbd8 26.e5 Qf8 27.Qg5 Qe7 28.Qh6 Qh4 29.Qxh4
Nxh4 30.e6 Ng6 31.Ne4 Kg7 32.Ng5 Re7 33.Nxf7 Rxf7 34.exf7 Ne5 35.Rf1 Nxf7
36.Nc4 Rd7 37.Re1 Kg6 38.Re6+ Kf5 39.h3 Ne5 40.Nxd6+ Kf4 41.h4 c4 42.Kf1 Rg7
43.h5 Rh7 44.h6 Ng4 45.Nxc4 Nxh6 46.d6 Nf5 47.Kf2 Rd7 48.Rg6 Rf7 49.Ke2 Nd4+
50.Kd3 Kf5 51.Rg8 Ne6 52.Nb6 Ke5 53.Nc4+ Kf6 54.Re8 Rd7 55.Ke4 Nc5+ 56.Kd5 Nd3
57.Re6+ Kf7 58.Ne5+ Nxe5 59.Kxe5 Kf8 60.g4 Rg7 61.Kf5 Rd7 62.g5 Kg8 63.g6 Kf8
64.Kf6 b5 65.axb6 a5 66.g7+ Rxg7 67.Re8+ Kxe8 68.Kxg7 Kd7 69.b7 {#r} 1-0

[Event "It (b)"]
[Site "masterchessopen.com - Melbourne (Australia)"]
[Round "6"]
[White "Delion Leonid (AUS)"]
[Black "Pyke Malcolm (AUS)"]
[Result "1-0"]
[WhiteElo "2099"]
[BlackElo "2093"]

1.d4 Nf6 2.Nf3 c5 3.d5 e6 4.c4 exd5 5.cxd5 d6 6.Nc3 g6 7.e4 a6 8.a4 Bg4 9.Be2
Bg7 10.O-O O-O 11.Bf4 Qe7 12.Nd2 Bxe2 13.Qxe2 Nh5 14.Be3 Nd7 15.g4 Nhf6 16.a5
h5 17.h3 hxg4 18.hxg4 Nh7 19.Kg2 g5 20.Rh1 Be5 21.Rh6 f6 22.Rah1 Rf7 23.Qf3
Re8 24.Qf5 Ndf8 25.f4 gxf4 26.Bxf4 Rg7 27.Kf3 Qd7 28.Bxe5 Rxe5 29.Qxd7 Rxd7
30.Nc4 Rg5 31.Na4 Rg6 32.Nab6 Rxh6 33.Rxh6 Rd8 34.Ne3 Nd7 35.Nec4 Ne5+ 36.Kf4
Nxc4 37.Nxc4 Kg7 38.Rh3 Ng5 39.Rb3 Rd7 40.Rb6 Kg6 41.Nxd6 Rh7 42.Rb3 Nh3+
43.Kg3 Ng5 44.Rxb7 Rh3+ 45.Kg2 Rh4 46.Kg3 Rh3+ 47.Kf2 Rf3+ 48.Ke2 Rf4 49.Re7
Rxg4 50.Kd3 Rg2 51.Nb7 Rxb2 52.d6 Nf7 53.Rxf7 Kxf7 54.d7 {#r} 1-0

[Event "Memorial Ralston (cat.3)"]
[Site "masterchessopen.com - San Francisco (USA)"]
[Round "9"]
[White "Keatinge-Clay Adrian (USA)"]
[Black "Ishkanov Tigran (USA)"]
[Result "1-0"]
[WhiteElo "2244"]
[BlackElo "2306"]

1.d4 Nf6 2.c4 c5 3.d5 e6 4.Nc3 exd5 5.cxd5 d6 6.e4 g6 7.Nf3 Bg7 8.Be2 O-O
9.O-O a6 10.a4 Bg4 11.Nd2 Bxe2 12.Qxe2 Nbd7 13.Nc4 Nb6 14.Ne3 Qe7 15.a5 Nbd7
16.Nc4 Ne5 17.f3 Nxc4 18.Qxc4 Nd7 19.g4 f5 20.gxf5 gxf5 21.Bd2 f4 22.Kh1 Ne5
23.Qe2 Kh8 24.Na4 Rf7 25.Nb6 Rg8 26.b4 cxb4 27.Rac1 b3 28.Bb4 Rff8 29.Rb1 Nd7
30.Nc4 Rf6 31.Rg1 Rh6 32.Rxb3 Bd4 33.Rxg8+ Kxg8 34.Be1 Qg7 35.Bf2 Rg6 36.Rb1
Nc5 37.Bxd4 Qxd4 38.Rd1 Nd3 39.Qxd3 Qf2 40.Qf1 {#r} 1-0

[Event "Tournament (regional)"]
[Site "masterchessopen.com - Switzerland"]
[Round "1"]
[White "Fatzer Ernst (SUI)"]
[Black "Wirz Heinz (SUI)"]
[Result "1/2-1/2"]
[WhiteElo "2168"]
[BlackElo "2165"]

1.d4 c5 2.d5 e6 3.c4 exd5 4.cxd5 d6 5.Nc3 a6 6.a4 g6 7.e4 Bg7 8.Nf3 Nf6 9.Be2
O-O 10.O-O Bg4 11.h3 Bxf3 12.Bxf3 Nbd7 13.Bf4 Qe7 14.Re1 Ne5 15.Be2 h6 16.Qd2
g5 17.Bh2 Ng6 18.f3 Nh5 19.Bf1 Nhf4 20.Ne2 Be5 21.Nxf4 gxf4 22.a5 Kh7 23.Rab1
Qf6 24.Kh1 Rg8 25.Rec1 Bd4 26.Bg1 Bxg1 27.Kxg1 Ne5 28.Kh1 Qg5 29.Qf2 Rac8
30.Rc2 Qd8 31.b4 cxb4 32.Rxc8 Qxc8 33.Rxb4 Qc1 34.Kh2 Rc8 35.Rb2 Rc5 36.Ra2
Qc3 37.Qb2 Qe1 38.Ra1 Qc3 39.Qxc3 Rxc3 40.Rb1 Rc7 41.Rb6 Rd7 42.Kg1 Kg7 43.Kf2
Kf8 44.g3 fxg3+ 45.Kxg3 Ke7 46.f4 Ng6 47.Kg4 Kf8 48.Bg2 h5+ 49.Kg5 Kg7 50.e5
dxe5 51.fxe5 Nxe5 52.d6 Nc4 53.Rxb7 Rxd6 54.Kxh5 Nxa5 55.Ra7 Nb3 56.Bf1 Nc5
57.Bc4 Rf6 58.Kg4 Rg6+ 59.Kf5 Rf6+ 60.Ke5 Kg6 {#d} 1/2-1/2

[Event "Ch Argentina"]
[Site "masterchessopen.com - Tres de Febrero (Argentina)"]
[Round "1"]
[White "Varela Daniel (ARG)"]
[Black "Lafuente Pablo (ARG)"]
[Result "0-1"]
[WhiteElo "2126"]
[BlackElo "2473"]

1.d4 Nf6 2.Nf3 c5 3.d5 e6 4.c4 exd5 5.cxd5 d6 6.Nc3 g6 7.e4 Bg7 8.Be2 O-O
9.O-O a6 10.a4 Bg4 11.h3 Bxf3 12.Bxf3 Nbd7 13.Re1 Re8 14.Ra3 Qc7 15.Qc2 c4
16.Be3 Nc5 17.Bxc5 Qxc5 18.a5 Nd7 19.Be2 Bxc3 20.Rxc3 Qxa5 21.Bxc4 Rac8 22.Rc1
b5 23.Bf1 Rc5 24.f3 Rec8 25.Qd2 Rxc3 26.Rxc3 Rxc3 27.Qxc3 Qxc3 28.bxc3 Nc5
29.Kf2 Na4 30.c4 b4 31.Ke3 Nc5 32.Be2 a5 33.Kd4 a4 34.e5 a3 35.exd6 Nd7 36.c5
a2 {#R} 0-1

[Event "It (open)"]
[Site "masterchessopen.com - Vienna (Austria)"]
[Round "8"]
[White "Kummer Helmut (AUT)"]
[Black "Loeffler Stefan (GER)"]
[Result "0-1"]
[WhiteElo "2350"]
[BlackElo "2432"]

1.d4 Nf6 2.c4 e6 3.Nf3 c5 4.d5 d6 5.Nc3 g6 6.e4 exd5 7.cxd5 a6 8.a4 Bg4 9.Be2
Bg7 10.O-O O-O 11.Bf4 Re8 12.Nd2 Bxe2 13.Qxe2 Nh5 14.Be3 Nd7 15.g4 Nhf6 16.f3
Re7 17.Kh1 h5 18.Rad1 Ne8 19.g5 Rb8 20.Rf2 Qa5 21.Nc4 Qb4 22.Bf4 Bd4 23.Nxd6
Bxf2 24.Nxe8 Rbxe8 25.Qxf2 Ne5 26.d6 Rd7 27.Nd5 Rxd6 28.Nf6+ Rxf6 29.gxf6 Qxa4
30.Rd2 Qc6 31.Bg5 Nd7 32.Qg3 Nxf6 33.Rd6 Nxe4 34.fxe4 Qxe4+ 35.Kg1 Qb1+ 36.Kf2
Qe1+ 37.Kf3 Qe2+ {#R} 0-1

[Event "Ch New Zealand"]
[Site "masterchessopen.com - Wanganui (New Zealand)"]
[Round "9"]
[White "Croad Nicolas (NZL)"]
[Black "Post Martin (NZL)"]
[Result "1-0"]
[WhiteElo "2243"]
[BlackElo "2042"]

1.Nf3 Nf6 2.d4 g6 3.c4 c5 4.d5 e6 5.Nc3 exd5 6.cxd5 d6 7.e4 Bg4 8.Be2 a6 9.a4
Bg7 10.O-O O-O 11.h3 Bxf3 12.Bxf3 Re8 13.Bf4 Qc7 14.Qc2 Nbd7 15.Rfe1 Rab8
16.Be2 Re7 17.a5 Rbe8 18.Bd1 Ne5 19.Ra4 Nfd7 20.Nb1 Nf6 21.Nd2 Ned7 22.Bf3
Nxd5 23.Bg3 Ne5 24.Rc1 Nf6 25.b4 Nxf3+ 26.gxf3 Nd7 27.Nc4 Ne5 28.Bxe5 Bxe5
29.Nb6 Bd4 30.Nd5 Qd7 31.bxc5 Bg7 32.cxd6 Re6 33.Rc4 Rxd6 34.Qa4 Qxa4 35.Rxa4
Rc6 36.Rac4 Rxc4 37.Rxc4 Be5 38.f4 Bd6 39.Nf6+ Kf8 40.Nxe8 Kxe8 41.Kg2 Bxf4
42.Rb4 Bd2 43.Rxb7 Bxa5 44.Ra7 Bc3 45.Rxa6 Ke7 46.f4 Bd4 47.Kf3 f6 48.Ra4 Bb6
49.Rb4 Bc7 50.Rb7 Kd7 51.Kg4 h5+ 52.Kf3 Kc6 53.Ra7 g5 54.Ra6+ Bb6 55.e5 fxe5
56.fxg5 {#r} 1-0

[Event "Landesliga 2002/03"]
[Site "masterchessopen.com - Mecklenburg-Vorpommern (Germany)"]
[Date "2003.01.26"]
[Round "5"]
[White "Zeeck Detlef"]
[Black "Kupfernagel Michael"]
[Result "1-0"]
[WhiteElo "1857"]
[BlackElo "1912"]

1.d4 e6 2.c4 c5 3.d5 exd5 4.cxd5 d6 5.Nc3 Nf6 6.e4 a6 7.a4 g6 8.Be2 Bg7 9.Nf3
O-O 10.O-O Bg4 11.h3 Bxf3 12.Bxf3 Nbd7 13.Bf4 Qc7 14.Qd2 Rfe8 15.Rfe1 Rab8
16.a5 Re7 17.g3 Ne5 18.Be2 Ned7 19.Bf1 Nh5 20.Bh6 Bh8 21.Kg2 Rbe8 22.f4 f6
23.g4 Ng7 24.Be2 c4 25.Qd4 Rc8 26.Ra4 Nc5 27.Rxc4 Qxa5 28.b4 Qa3 29.bxc5 dxc5
30.Nb1 Qa2 31.Qd2 Qxd2 32.Nxd2 b5 33.Rc2 Ne8 34.Ra1 Nd6 35.Rxa6 Nf7 36.g5 fxg5
37.Bxg5 Nxg5 38.fxg5 Bd4 39.Bxb5 Rf8 40.Nb3 Rxe4 41.Nxd4 cxd4 42.Rf2 Rb8
43.Bc4 Rc8 44.d6+ {#r} 1-0

[Event "It (open)"]
[Site "masterchessopen.com - Corsico (Italy)"]
[Date "2003.05.04"]
[Round "7"]
[White "De-Santis Massimo (ITA)"]
[Black "Gandolfi Gianfranco (ITA)"]
[Result "1/2-1/2"]
[WhiteElo "1961"]
[BlackElo "1967"]

1.d4 Nf6 2.c4 e6 3.Nf3 c5 4.d5 exd5 5.cxd5 d6 6.Nc3 g6 7.e4 Bg7 8.Be2 O-O
9.O-O a6 10.a4 Bg4 11.Nd2 Bxe2 12.Qxe2 Nbd7 13.Nc4 Nb6 14.Bg5 Nxc4 15.Qxc4 h6
16.Bxf6 Qxf6 17.Rfe1 Rfe8 18.a5 Re7 19.Re2 Rae8 20.Na4 Qd4 21.Qxd4 Bxd4
22.Rae1 f5 23.Nc3 Bxc3 24.bxc3 Rxe4 25.Rxe4 Rxe4 26.Rxe4 fxe4 27.Kf1 Kf7
28.Ke2 Kf6 29.Ke3 Ke5 30.c4 h5 31.h3 Kf5 32.g3 Ke5 33.h4 Kf5 34.Ke2 Kf6 35.Kd2
Kf5 {#d} 1/2-1/2

[Event "Memorial Crespi (open)"]
[Site "masterchessopen.com - Milan (Italy)"]
[Date "2003.12.05"]
[Round "1"]
[White "Barberi Alessandro (ITA)"]
[Black "Aranovitch Emiliano (ITA)"]
[Result "1/2-1/2"]
[WhiteElo "2161"]
[BlackElo "2304"]

1.d4 Nf6 2.c4 c5 3.d5 g6 4.Nc3 Bg7 5.e4 O-O 6.Nf3 d6 7.Be2 a6 8.a4 e6 9.O-O
exd5 10.cxd5 Bg4 11.Nd2 Bxe2 12.Qxe2 Nbd7 13.Nc4 Nb6 14.Nxb6 Qxb6 15.a5 Qc7
16.Be3 Rae8 17.f3 Nd7 18.Rfc1 f5 19.Qd2 Ne5 20.Ra4 fxe4 21.Nxe4 Rxf3 22.Ng5
Qd7 23.Re4 Rf5 24.Ne6 Rxe6 25.dxe6 Qxe6 26.Bh6 Bf6 27.Rf1 Rxf1+ 28.Kxf1 d5
29.Rf4 g5 30.Rf2 Nf7 31.h4 Nxh6 32.hxg5 Ng4 33.gxf6 Nxf2 34.Qg5+ Kf8 35.Qg7+
Ke8 36.Kxf2 Qf7 37.Qg5 h5 38.Kg3 Kd7 39.Kf4 Kd6 40.Qe5+ Kc6 41.Qg5 Kd6 42.Qe5+
Kc6 {#d} 1/2-1/2

[Event "Ch Slovakia (team) 2003/04 (1 liga) West"]
[Site "masterchessopen.com - Slovakia"]
[Round "10"]
[White "Alaxa Marek (SVK)"]
[Black "Janos Ivan (SVK)"]
[Result "0-1"]
[WhiteElo "2014"]
[BlackElo "2148"]

1.d4 Nf6 2.c4 c5 3.d5 e6 4.Nc3 exd5 5.cxd5 d6 6.e4 g6 7.Nf3 Bg7 8.Be2 O-O
9.O-O a6 10.a4 Bg4 11.Nd2 Bxe2 12.Qxe2 Nbd7 13.Nc4 Nb6 14.Bg5 Re8 15.f3 h6
16.Nxb6 Qxb6 17.Be3 Nd7 18.Rab1 Qd8 19.Rfc1 Rc8 20.b3 f5 21.Qd2 g5 22.Bf2 f4
23.b4 cxb4 24.Rxb4 Qa5 25.Rb3 Nc5 26.Rb2 Nxa4 27.Ne2 Rxc1+ 28.Nxc1 Bc3 {#R}
0-1

[Event "Ch Kiev"]
[Site "masterchessopen.com - Kiev (Ukraine)"]
[Date "2004.01.23"]
[Round "6"]
[White "Gorlovetsky Stanislav (UKR)"]
[Black "Kovalenko Vladimir (UKR)"]
[Result "1/2-1/2"]
[WhiteElo "2173"]
[BlackElo "2229"]

1.d4 c5 2.d5 Nf6 3.Nf3 e6 4.c4 exd5 5.cxd5 d6 6.Nc3 g6 7.e4 Bg7 8.Be2 O-O
9.O-O a6 10.a4 Bg4 11.Nd2 Bxe2 12.Qxe2 Nbd7 13.a5 Re8 14.Qd1 Qc7 15.Qc2 Rac8
16.Nc4 Ne5 17.Nb6 Rcd8 18.f4 Ned7 19.Nc4 b5 20.axb6 Nxb6 21.Na5 Ra8 22.Kh1
Nfd7 23.Bd2 c4 24.Nc6 Nc5 25.Rae1 Nd3 26.Re2 f5 27.exf5 Rxe2 28.Nxe2 Bxb2
29.fxg6 hxg6 30.Ba5 Qb7 31.h3 Re8 32.f5 Nxd5 33.Qxc4 Qb5 34.Qg4 Qxc6 35.Qxg6+
Bg7 36.f6 Nxf6 37.Rxf6 Rxe2 38.Qf7+ {#d} 1/2-1/2

[Event "It (open) \"]
[Site "masterchessopen.com - Moscow (Russia)"]
[Date "2004.02.23"]
[Round "7"]
[White "Iljushin Alexei (RUS)"]
[Black "Lysyj Igor (RUS)"]
[Result "1-0"]
[WhiteElo "2534"]
[BlackElo "2485"]

1.d4 e6 2.c4 c5 3.d5 exd5 4.cxd5 d6 5.Nc3 g6 6.e4 Bg7 7.Be2 Nf6 8.Nf3 O-O
9.O-O a6 10.a4 Bg4 11.Bf4 Re8 12.Nd2 Bxe2 13.Qxe2 Nh5 14.Be3 Nd7 15.g4 Nhf6
16.f3 Qc7 17.h3 Rac8 18.a5 b5 19.axb6 Nxb6 20.Kh1 Ra8 21.Rfe1 Qb7 22.Qh2 Qc7
23.g5 Nfd7 24.Qe2 c4 25.Reb1 Rab8 26.Ra3 Qc8 27.Qf2 {#r} 1-0

[Event "Ch Russia (juniors) (under 16)"]
[Site "masterchessopen.com - Dagomys (Russia)"]
[Round "0"]
[White "Torshin Anton (RUS)"]
[Black "Sek Konstantin (RUS)"]
[Result "0-1"]
[WhiteElo "2134"]
[BlackElo "2154"]

1.d4 Nf6 2.c4 c5 3.d5 e6 4.Nc3 exd5 5.cxd5 g6 6.Nf3 Bg7 7.e4 d6 8.Be2 O-O
9.O-O a6 10.a4 Bg4 11.h3 Bxf3 12.Bxf3 Nbd7 13.Bf4 Qc7 14.Rc1 Rfe8 15.b3 Rab8
16.Qc2 Nf8 17.Na2 N8d7 18.b4 Rbc8 19.bxc5 Nxc5 20.Qb1 Nfd7 21.Rc4 Nb6 22.Rb4
Nbxa4 23.Rc1 b5 24.Qc2 Nb6 25.h4 Qd7 26.Qd1 a5 27.Rbb1 Nxe4 28.Rxc8 Nxc8
29.Qd3 Nc5 30.Qxb5 Re1+ 31.Kh2 Rxb1 32.Qxb1 h6 33.g3 a4 34.h5 g5 35.Be3 Bf6
{#R} 0-1

[Event "Ch Bayern (seniors) (open)"]
[Site "masterchessopen.com - Schney (Germany)"]
[Date "2004.06.09"]
[Round "4"]
[White "Goy Udo (GER)"]
[Black "Thieme Hans (GER)"]
[Result "1/2-1/2"]
[WhiteElo "2236"]
[BlackElo "2111"]

1.d4 Nf6 2.Nf3 e6 3.c4 c5 4.d5 exd5 5.cxd5 d6 6.Nc3 g6 7.e4 a6 8.a4 Bg4 9.Be2
Bg7 10.O-O O-O 11.h3 Bxf3 12.Bxf3 Qc7 13.g4 Re8 14.Bg2 Nbd7 15.Kh1 Rab8 16.Bf4
b5 17.axb5 axb5 18.Ra6 Rb6 19.Rxb6 Qxb6 20.Re1 Ne5 21.Bxe5 Rxe5 22.f4 Re8
23.e5 Nd7 24.e6 Bxc3 25.bxc3 Nf6 26.f5 c4 27.Qf3 g5 28.exf7+ Kxf7 29.Re6 Rxe6
30.fxe6+ Ke7 31.Qe2 Qc5 32.Qd2 h6 33.Qc2 Qe3 34.Qg6 Qe1+ 35.Kh2 Qe5+ 36.Kg1
{#d} 1/2-1/2

[Event "Tournament (Elo) (b)"]
[Site "masterchessopen.com - Budapest (Hungary)"]
[Date "2004.06.14"]
[Round "10"]
[White "Sebestyen Jozsef (HUN)"]
[Black "Bacsi Andras (HUN)"]
[Result "1-0"]
[WhiteElo "1862"]
[BlackElo "1926"]

1.d4 Nf6 2.c4 g6 3.Nc3 Bg7 4.e4 d6 5.Be2 O-O 6.Nf3 c5 7.d5 e6 8.O-O exd5
9.cxd5 a6 10.a4 Bg4 11.a5 Nbd7 12.Bf4 Qe7 13.h3 Bxf3 14.Bxf3 Ne5 15.Re1 Nxf3+
16.Qxf3 Nd7 17.Qe2 Ne5 18.Be3 f5 19.f4 Nd7 20.Bf2 Rae8 21.Qc4 Bxc3 22.bxc3
fxe4 23.Be3 Nf6 24.Rad1 Qc7 25.Rb1 Re7 26.Qa2 Kg7 27.c4 Nh5 28.Qd2 Kg8 29.Qc3
Ng7 30.Bc1 Nf5 31.Rb6 Nd4 32.Qg3 Nf5 33.Qf2 Nd4 34.Re3 Rd7 35.g4 Re8 36.Bd2
Nf3+ 37.Kg2 Nxd2 38.Qxd2 Rf7 39.Kg3 Qe7 40.Qe2 Qf6 41.Rxe4 Rxe4 42.Qxe4 Qc3+
43.Qf3 Qxf3+ 44.Kxf3 Rd7 45.g5 Kf7 46.Kg4 Kg7 47.h4 Kf7 48.h5 gxh5+ 49.Kxh5
Kg7 50.f5 Kg8 51.f6 Kf7 52.Rb2 Kf8 53.Re2 Kg8 54.Kh6 Kf8 55.Re6 {#r} 1-0

[Event "It (open)"]
[Site "masterchessopen.com - Korinthos (Greece)"]
[Round "8"]
[White "Kapnisis Spyridon (GRE)"]
[Black "Stiri Alexandra (GRE)"]
[Result "1-0"]
[WhiteElo "2435"]
[BlackElo "2201"]

1.d4 Nf6 2.c4 c5 3.d5 e6 4.Nc3 exd5 5.cxd5 d6 6.e4 g6 7.Nf3 a6 8.a4 Bg4 9.Be2
Bg7 10.O-O O-O 11.Re1 Nbd7 12.h3 Bxf3 13.Bxf3 Re8 14.Qc2 Rb8 15.Be2 Qc7 16.a5
h6 17.f4 Re7 18.Bf3 c4 19.Ra4 b5 20.axb6 Nxb6 21.Ra5 Nfd7 22.Be3 f5 23.Bf2
Rbe8 24.Raa1 Nc5 25.exf5 Rxe1+ 26.Rxe1 Rxe1+ 27.Bxe1 Nd3 28.Qe2 gxf5 29.Qe6+
Qf7 30.Bh4 Nxf4 31.Qxd6 Ng6 32.Qxb6 Nxh4 33.Qd8+ {#r} 1-0

[Event "It (open)"]
[Site "masterchessopen.com - Vlissingen (Netherlands)"]
[Date "2004.08.14"]
[Round "9"]
[White "Stange Wim (NED)"]
[Black "Jos Ernst (NED)"]
[Result "1/2-1/2"]
[WhiteElo "2138"]
[BlackElo "1916"]

1.d4 Nf6 2.c4 c5 3.d5 e6 4.Nc3 exd5 5.cxd5 d6 6.e4 g6 7.Nf3 Bg7 8.Be2 O-O
9.O-O a6 10.a4 Bg4 11.Nd2 Bxe2 12.Qxe2 Nbd7 13.Nc4 Nb6 14.Na3 Re8 15.Qc2 Ng4
16.h3 Ne5 17.Ne2 Qe7 18.a5 Nc8 19.Nc3 b5 20.axb6 Nxb6 21.Bf4 Reb8 22.Rab1 Nbc4
23.Nxc4 Nxc4 24.Rfe1 Ne5 25.Bg3 c4 26.f4 Nd3 27.Re2 Bd4+ 28.Kh2 Rb3 29.Na4 Qc7
30.e5 dxe5 31.d6 Qc6 32.fxe5 Qxa4 33.Re4 Bxe5 34.Bxe5 Nxe5 35.Rxe5 Rd8 36.Re4
Qc6 37.Rd1 Rb4 38.d7 a5 39.Red4 Qe6 40.Qd2 Qe5+ 41.Kh1 Qb8 42.Re1 Kg7 43.Rh4
h5 44.Qd4+ Kg8 45.Qf6 Rxd7 46.Rxh5 gxh5 47.Qg5+ Kf8 {#d} 1/2-1/2

[Event "Ch ASEAN (juniors) (under 18)"]
[Site "masterchessopen.com - Vietnam"]
[Round "1"]
[White "Nguyen Huynh Minh H (VIE)"]
[Black "Nguyen Hoang Nam (VIE)"]
[Result "1-0"]
[WhiteElo "2195"]
[BlackElo "2156"]

1.d4 c5 2.d5 e6 3.c4 exd5 4.cxd5 d6 5.Nc3 g6 6.e4 Bg7 7.Nf3 a6 8.Be2 Nf6 9.a4
O-O 10.O-O Bg4 11.Bf4 Re8 12.Qc2 Qe7 13.h3 Bxf3 14.Bxf3 Nbd7 15.Rfe1 Ne5
16.Be2 Nfd7 17.Qd2 Qf8 18.Be3 Nf6 19.f4 Ned7 20.Bf3 h6 21.Rac1 g5 22.fxg5 hxg5
23.Bxg5 Ne5 24.Ne2 b5 25.Ng3 Nc4 26.Qf4 Nh7 27.b3 Ne5 28.Rcd1 Ng6 29.Qc1 Nxg5
30.Qxg5 Bd4+ 31.Kh1 Bf2 32.Rf1 Bxg3 33.Qxg3 Re5 34.Bg4 Qg7 35.Rd2 Rg5 36.Rf5
Ne5 37.Rxg5 Qxg5 38.Rf2 bxa4 39.bxa4 Rb8 40.Rf5 Rb1+ 41.Kh2 Nxg4+ 42.hxg4 Qh6+
43.Rh5 Qc1 44.Qf2 Qh1+ 45.Kg3 Rb3+ 46.Kf4 Qc1+ 47.Kf5 Rb2 48.Qh4 Qf1+ 49.Kg5
Kf8 50.Rh8+ Ke7 51.Kh5+ f6 52.Kg6 {#r} 1-0

[Event "Ch Argentina"]
[Site "masterchessopen.com - Buenos Aires (Argentina)"]
[Date "2004.09.24"]
[Round "1"]
[White "Szmukler Ruben (ARG)"]
[Black "Altamirano Benjamin (ARG)"]
[Result "0-1"]
[WhiteElo "2136"]
[BlackElo "2293"]

1.d4 Nf6 2.Nf3 g6 3.c4 c5 4.d5 d6 5.Nc3 Bg7 6.e4 O-O 7.Be2 e6 8.O-O exd5
9.cxd5 a6 10.a4 Bg4 11.Bf4 Bxf3 12.Bxf3 Ne8 13.Qd2 Nd7 14.Rfe1 Ne5 15.Be2 Nc7
16.a5 Rb8 17.Ra4 Qd7 18.Rea1 Rfe8 19.R4a3 b5 20.axb6 Rxb6 21.Bxa6 Reb8 22.Nd1
Nxa6 23.Rxa6 Rxa6 24.Rxa6 Qb5 25.Ra1 h5 26.h3 Qc4 27.Nc3 Qb3 28.Nd1 Qc4 29.Nc3
Qb3 30.Nd1 Rb4 31.f3 Rd4 32.Qe2 Kh7 33.Nf2 Rb4 34.Nd1 Rd4 35.Nf2 Ra4 36.Rxa4
Qxa4 37.Nd1 Nc4 38.Bc1 Qb3 39.Kf1 Bd4 40.g4 hxg4 41.hxg4 Ne5 42.Kg2 Nd3 43.Qd2
c4 44.Nc3 Be5 45.Qh6+ Kg8 46.Ne2 Qc2 47.Qd2 Qb3 48.f4 Bg7 49.e5 Qb5 50.Nc3 Qd7
51.exd6 Qxg4+ 52.Kh2 Qh4+ 53.Kg2 Bd4 54.Ne4 Ne1+ 55.Kf1 Qh1+ 56.Ke2 Qxe4+
57.Kd1 Nd3 58.Qa5 Nf2+ 59.Kd2 Qd3+ 60.Ke1 Qd1# 0-1

[Event "Tournament (Elo) (b)"]
[Site "masterchessopen.com - Budapest (Hungary)"]
[Date "2004.11.08"]
[Round "3"]
[White "Vetter Peter (GER)"]
[Black "Nagy Aron (HUN)"]
[Result "1/2-1/2"]
[WhiteElo "2033"]
[BlackElo "2012"]

1.d4 Nf6 2.Nf3 e6 3.c4 c5 4.d5 exd5 5.cxd5 d6 6.Nc3 g6 7.e4 Bg7 8.Be2 O-O
9.O-O a6 10.a4 Bg4 11.h3 Bxf3 12.Bxf3 Re8 13.Bf4 Qc7 14.Qd2 Nbd7 15.g4 Ne5
16.Bg2 Rab8 17.Bh2 b5 18.axb5 axb5 19.Rfe1 c4 20.Bxe5 Rxe5 21.f4 Ree8 22.Kh1
Nd7 23.Ra6 Rb6 24.Rea1 Nc5 25.Ra8 Reb8 26.Nxb5 Qd7 27.Rxb8+ Rxb8 28.Nd4 Bxd4
29.Qxd4 Nb3 30.Qa7 Qxa7 31.Rxa7 Nc5 32.e5 Rxb2 33.exd6 Rb7 34.Ra8+ Kg7 35.Rc8
Rb5 36.Rxc5 Rxc5 37.d7 c3 38.Be4 Rxd5 39.Bxd5 c2 40.d8=Q c1=Q+ 41.Kg2 Qd2+
42.Kg3 Qd3+ 43.Kh4 Qd2 44.Kg3 Qd3+ 45.Kf2 Qd2+ {#d} 1/2-1/2

[Event "Ch World (juniors) (under 18)"]
[Site "masterchessopen.com - Heraklio (Greece)"]
[Date "2004.11.10"]
[Round "8"]
[White "Abdullaev Makhish (AZE)"]
[Black "Stellwagen Daniel (NED)"]
[Result "0-1"]
[WhiteElo "2215"]
[BlackElo "2512"]

1.d4 Nf6 2.Nf3 c5 3.d5 e6 4.c4 exd5 5.cxd5 d6 6.Nc3 g6 7.e4 Bg7 8.Be2 O-O
9.O-O a6 10.a4 Bg4 11.Bg5 Bxf3 12.Bxf3 Nbd7 13.Be2 Re8 14.Qc2 Qc7 15.Rae1 c4
16.Kh1 Rab8 17.f3 b5 18.Na2 Nc5 19.axb5 axb5 20.Nb4 Ra8 21.Bd2 Nfd7 22.Bc3
Bxc3 23.bxc3 Ra3 24.Qd2 Nb6 25.Bd1 f6 26.Bc2 Nba4 27.Re3 Nb3 28.Qe1 Qc5
29.Bxb3 cxb3 30.Nd3 Qxc3 31.Qg3 b2 32.Rfe1 Qd2 33.Qxd6 Qxe3 {#R} 0-1

[Event "Ch Finland (team) 2004/05 (I Division)"]
[Site "masterchessopen.com - Finland"]
[Date "2004.11.13"]
[Round "3"]
[White "Kaakinen Mika (SWE)"]
[Black "Hurme Harri M (FIN)"]
[Result "0-1"]
[WhiteElo "2140"]
[BlackElo "2196"]

1.Nf3 g6 2.d4 Bg7 3.c4 c5 4.d5 d6 5.e4 Nf6 6.Nc3 O-O 7.Be2 e6 8.O-O exd5
9.cxd5 a6 10.a4 Bg4 11.Bf4 Re8 12.Nd2 Bxe2 13.Qxe2 Nh5 14.Be3 Nd7 15.g4 Nhf6
16.f3 b6 17.Rae1 Qc7 18.f4 Nxe4 19.Ndxe4 f5 20.gxf5 gxf5 21.Qg2 fxe4 22.Nxe4
Kh8 23.Kh1 Nf6 24.Nxf6 Bxf6 25.f5 Rg8 26.Qd2 Qf7 27.Bf4 Bd4 28.Re6 Qxf5 {#R}
0-1